Chèo cổ truyền làng Thất gian Q.2
Cheo cổ làng truyền thất gian: Quyển 2. Phần III:Mặt trò nhời nhị độ mai. Mặt trò nhời Lưu Bình - Dương Lễ. Mặt trò nhời Chu Mãi Thần, kim nham, Trò Kiều, chèo trống tuân, mặt trò nhời Phan Trần.
Đã lưu trong:
| Tác giả chính: | |
|---|---|
| Định dạng: | Sách |
| Năm xuất bản: |
H.
Văn hóa - Thông tin
2014
|
| Chủ đề: | |
| Tags: |
Thêm thẻ
Không có thẻ, Hãy là người đầu tiên gắn thẻ bản ghi này!
|
| LEADER | 01143nam a2200205 4500 | ||
|---|---|---|---|
| 082 | |a 398.3578 |b TR120Q | ||
| 100 | |a Trần Quốc Thịnh | ||
| 245 | |a Chèo cổ truyền làng Thất gian |c Trần Quốc Thịnh |n Q.2 | ||
| 260 | |a H. |b Văn hóa - Thông tin |c 2014 | ||
| 300 | |a 711 tr. |c 21 cm | ||
| 500 | |a Hội văn nghệ dân gian Việt nam | ||
| 520 | |a Cheo cổ làng truyền thất gian: Quyển 2. Phần III:Mặt trò nhời nhị độ mai. Mặt trò nhời Lưu Bình - Dương Lễ. Mặt trò nhời Chu Mãi Thần, kim nham, Trò Kiều, chèo trống tuân, mặt trò nhời Phan Trần. | ||
| 653 | |a Văn hóa dân gian | ||
| 653 | |a Chèo cổ truyền | ||
| 653 | |a Thất Gian | ||
| 653 | |a Việt Nam | ||
| 942 | |2 ddc |c STK0 | ||
| 999 | |c 2102 |d 2102 | ||
| 952 | |0 0 |1 0 |2 ddc |4 0 |6 398_357800000000000_TR120Q |7 0 |8 300 |9 30134 |a qbu |b qbu |c D2 |d 2014-12-12 |g 142000 |o 398.3578 TR120Q |p 5021.c1 |r 0000-00-00 |w 2014-12-12 |y SH |0 0 |6 398_357800000000000_TR120Q | ||
| 952 | |0 0 |1 0 |2 ddc |4 0 |6 398_357800000000000_TR120Q |7 0 |8 300 |9 77030 |a qbu |b qbu |c D2 |d 2015-06-10 |g 142000 |o 398.3578 TR120Q |p 5021.c2 |r 0000-00-00 |w 2015-06-10 |y SH |0 0 |6 398_357800000000000_TR120Q | ||